000 00470nam a22001577a 4500
005 20251108164728.0
008 250721s1994 xx 000 0 ara d
082 1 4 _a614.88/حسا
100 1 _aزيدان، حسان
245 1 0 _aالإسعافات الأولية لحوداث الطرق /
264 1 _aبيروت :
_bمؤسسة عزالدين للنشر،
_c1994.
300 _a189ص
650 1 7 _aالإسعاف الأولي
942 _2ddc
_cBK
999 _c12887
_d12887